000 00923nas a2200301 4500
001 BR7311154
003 BR-BrBNA
005 20231205082717.0
007 ta
008 230509b bl.|||p| |||| 00| 00por d
040 _aBR-BrBNA
_bpor
_cBiblioteca Nacional de Agricultura
041 _a(Pt)
072 _aF60
100 1 _aFontes, L.G.
100 1 _aRibeiro, A.C.
100 1 _aSediyama, T.
245 1 _aComportamento de variedades de soja, quanto a composicao quimica das sementes, em Vicosa e Capinopolis, Minas Gerais [Glycine max, Brasil]
650 _aSOJA
650 _aSEMENTE
650 _aCOMPORTAMENTO DE VARIEDADE
650 _aANALISE QUIMICA
650 _aVICOSA
650 _aCAPINOPOLIS
650 _aMINAS GERAIS
773 0 _tRevista Ceres (Brazil)
_xISSN 0034-737X
_g(May-Jun 1973), v. 20(109) p. 165-170
_wBR7311154
909 _a202311
_bLúcia
_c55
_dLúcia Elande
942 _2AGRIS
_n0
_cANA
999 _c93782
_d93782